[Event "Elit(Manhem-Rockaden,Sthlm)"]
[Site "?"]
[Date "2015.11.06"]
[Round "1"]
[White "Hedman, Erik"]
[Black "Al Hadarani, Hatim"]
[Result "1-0"]
[WhiteElo "2355"]
[BlackElo "2268"]
[PlyCount "139"]

1. d4 c6 2. c4 f5 3. g3 d5 4. Bg2 Nf6 5. Nd2 e6 6. Ngf3 Bd6 7. O-O O-O 8. Qc2
Nbd7 9. Ne1 Qe8 10. Nd3 e5 11. cxd5 cxd5 12. dxe5 Nxe5 13. Nf4 Neg4 14. Nf3 Bd7
15. h3 Nh6 16. Be3 Ba4 17. Qd2 Bc6 18. Ng5 Ne4 19. Nxe4 fxe4 20. Nxd5 Rd8 21.
Bxh6 gxh6 22. Qxh6 Be5 23. Bxe4 Rd7 24. Rad1 Qf7 25. Qg5+ Bg7 26. Qh4 h6 27.
Ne3 Rxd1 28. Nxd1 Qxa2 29. Bxc6 bxc6 30. Qe4 Qd5 31. Qxd5+ cxd5 32. Ne3 Rb8 33.
Ra1 Rxb2 34. Rxa7 Rxe2 35. Kf1 Rb2 36. Nf5 Bf8 37. Ne7+ Kf7 38. Nxd5+ Ke6 39.
Nf4+ Kf6 40. Ra6+ Kf7 41. Rc6 Ra2 42. Kg2 Rd2 43. Rc7+ Kf6 44. Nh5+ Kg5 45. Nf4
Bd6 46. Rc4 Ra2 47. h4+ Kf5 48. Nd5 Ra6 49. Ne3+ Kf6 50. Kf3 Bb8 51. Nd5+ Kf7
52. Kg4 Ra5 53. Nf4 Ra6 54. Rb4 Ba7 55. Rb7+ Kg8 56. f3 Bf2 57. Re7 Ra1 58. Re2
Be1 59. Rc2 Ra7 60. Nh5 Kh7 61. Nf6+ Kg6 62. Rc6 Ra4+ 63. Ne4+ Kg7 64. Rc7+ Kg8
65. Kh5 Ra6 66. Rb7 Re6 67. g4 Ba5 68. g5 hxg5 69. hxg5 Bb6 70. Nf6+ 1-0

[Event "Elit(Manhem-Rockaden,Sthlm)"]
[Site "?"]
[Date "2015.11.06"]
[Round "1"]
[White "Akesson, Joel"]
[Black "Bator, Robert"]
[Result "1/2-1/2"]
[WhiteElo "2286"]
[BlackElo "2430"]
[PlyCount "49"]

1. Nf3 d5 2. d4 Nf6 3. c4 c6 4. e3 Bf5 5. cxd5 cxd5 6. Qb3 Bc8 7. Ne5 e6 8. Nc3
Be7 9. Bd3 Nfd7 10. Nxd7 Qxd7 11. Bd2 O-O 12. Rc1 Nc6 13. O-O Qd6 14. a3 Bd7
15. Nb5 Qb8 16. Nc3 Rc8 17. Qd1 g6 18. b4 Bd6 19. h3 Ne7 20. Nb5 Bxb5 21. Bxb5
a6 22. Bd3 b5 23. Rxc8+ Nxc8 24. a4 Na7 25. axb5 1/2-1/2

[Event "Elit(Manhem-Rockaden,Sthlm)"]
[Site "?"]
[Date "2015.11.06"]
[Round "1"]
[White "Engqvist, Thomas"]
[Black "Berggren Torell, Harald"]
[Result "1-0"]
[WhiteElo "2353"]
[BlackElo "2172"]
[PlyCount "47"]

1. e4 Nf6 2. e5 Nd5 3. d4 d6 4. Nf3 dxe5 5. Nxe5 g6 6. Bc4 c6 7. O-O Be6 8. Bb3
Bg7 9. Re1 Nc7 10. c3 Nd7 11. Nf3 O-O 12. Nbd2 Bd5 13. c4 Bxf3 14. Nxf3 Re8 15.
Bf4 c5 16. Be3 a6 17. dxc5 Bxb2 18. Rb1 Bc3 19. Re2 Ne5 20. Nxe5 Bxe5 21. Rd2
Qc8 22. Ba4 Rf8 23. Bd7 Qb8 24. Qf3 1-0

[Event "Elit(Manhem-Rockaden,Sthlm)"]
[Site "?"]
[Date "2015.11.06"]
[Round "1"]
[White "Fendrich, David"]
[Black "Kenneskog, Theodor"]
[Result "0-1"]
[WhiteElo "2197"]
[BlackElo "2334"]
[PlyCount "92"]

1. c4 c5 2. g3 Nc6 3. Bg2 g6 4. Nc3 Bg7 5. Nf3 e5 6. O-O Nge7 7. Ne1 d6 8. Nc2
Be6 9. Ne3 Qd7 10. Ned5 O-O 11. Re1 Bh3 12. Bh1 f5 13. d3 f4 14. e3 Nf5 15.
exf4 Nfd4 16. Ne4 h6 17. f3 Be6 18. Be3 b6 19. Rf1 Rae8 20. Qd2 Nf5 21. Bf2
Bxd5 22. cxd5 Nb4 23. fxe5 dxe5 24. Nc3 Nxd5 25. Nxd5 Qxd5 26. f4 e4 27. Rad1
Qxd3 28. Qxd3 exd3 29. Rxd3 Bxb2 30. Rd7 Re7 31. Rxe7 Nxe7 32. Rd1 c4 33. Rd7
c3 34. Bd4 Kf7 35. Bd5+ Ke8 36. Be6 Nc6 37. Bg7 Nd8 38. Bg4 Rf7 39. Rxf7 Kxf7
40. Bh8 a5 41. Bf3 a4 42. Be4 a3 43. Bd4 Nc6 44. Bxc6 c2 45. Be3 Bd4 46. Bd5+
Ke7 0-1

[Event "Elit(Kungstornet-Burgsvik)"]
[Site "?"]
[Date "2015.11.06"]
[Round "1"]
[White "Fries Nielsen, Jens Ove"]
[Black "Lyrberg, Patrik"]
[Result "1/2-1/2"]
[WhiteElo "2424"]
[BlackElo "2473"]
[PlyCount "81"]

1. g3 e5 2. Bg2 Nc6 3. Nc3 f5 4. e3 Nf6 5. d4 Bb4 6. Nge2 O-O 7. O-O e4 8. a3
Bxc3 9. Nxc3 d5 10. f3 Be6 11. Bd2 Bf7 12. Ne2 exf3 13. Rxf3 Bh5 14. Rxf5 Qd7
15. Rxh5 Nxh5 16. c4 dxc4 17. Qc2 Kh8 18. Qxc4 Ne5 19. Qd5 Qg4 20. Nf4 Nxf4 21.
exf4 Qe2 22. dxe5 Rad8 23. Re1 Qxd2 24. Qxd2 Rxd2 25. Bxb7 Rfd8 26. Bc6 Rd1 27.
Kf1 Kg8 28. Ba4 Rxe1+ 29. Kxe1 Rb8 30. b3 Kf7 31. Ke2 Ke6 32. Kd3 Rd8+ 33. Ke4
c5 34. f5+ Ke7 35. Bb5 Rd4+ 36. Kf3 Rd5 37. Kf4 Rd4+ 38. Kf3 Rd5 39. Kf4 Rd4+
40. Kf3 Rd5 41. Kf4 1/2-1/2

[Event "Elit(Kungstornet-Burgsvik)"]
[Site "?"]
[Date "2015.11.06"]
[Round "1"]
[White "Cicak, Slavko"]
[Black "Krupenski, Juri"]
[Result "1/2-1/2"]
[WhiteElo "2403"]
[BlackElo "2504"]
[PlyCount "128"]
[EventDate "2015.??.??"]

1. e4 c5 2. Nf3 d6 3. Bc4 Nf6 4. d3 Nc6 5. c3 e6 6. Bb3 Be7 7. O-O O-O 8. Re1
e5 9. Bg5 Be6 10. Nbd2 h6 11. Bxf6 Bxf6 12. Nf1 Qd7 13. Ne3 Bd8 14. a3 Rb8 15.
Bxe6 fxe6 16. b4 cxb4 17. axb4 b5 18. Rb1 a5 19. bxa5 Bxa5 20. Rb3 b4 21. Nc4
bxc3 22. Nxa5 Nxa5 23. Rxc3 Rfc8 24. Rxc8+ Qxc8 25. Qa4 Nb3 26. h3 Qc3 27. Re3
Qa1+ 28. Qxa1 Nxa1 29. Re2 Rb1+ 30. Kh2 Nb3 31. Re1 Rb2 32. Kg1 Kf7 33. Rd1 Kf6
34. d4 exd4 35. Nxd4 Nxd4 36. Rxd4 Rb1+ 37. Kh2 Ke5 38. Rd2 Rb6 39. Re2 Rb4 40.
f3 Kf4 41. Rd2 Rb6 42. h4 g5 43. Kh3 Rb1 44. Kh2 Rb6 45. Kh3 Ra6 46. hxg5 hxg5
47. Rd3 g4+ 48. fxg4 Kxe4 49. Rd1 d5 50. g5 d4 51. Kg4 d3 52. g6 e5 53. Re1+
Kd4 54. Kg5 Rxg6+ 55. Kxg6 e4 56. Kf5 e3 57. Kf4 d2 58. Rxe3 d1=Q 59. Rf3 Qd2+
60. Kg3 Ke4 61. Kh2 Qe1 62. Kh3 Qh1+ 63. Kg3 Qh6 64. Kf2 Qh4+ 1/2-1/2

[Event "Elit(Kungstornet-Burgsvik)"]
[Site "?"]
[Date "2015.11.06"]
[Round "1"]
[White "Nygren, Kim"]
[Black "Aronsson, Marten"]
[Result "1-0"]
[WhiteElo "2272"]
[BlackElo "2300"]
[PlyCount "65"]
[EventDate "2015.??.??"]

1. e4 e5 2. Nf3 Nc6 3. Bb5 Nf6 4. O-O Nxe4 5. d4 Nd6 6. Ba4 e4 7. Re1 Be7 8.
Ne5 O-O 9. Nc3 Nf5 10. Rxe4 Nfxd4 11. Nxc6 Nxc6 12. Nd5 f5 13. Nxe7+ Nxe7 14.
Bb3+ Kh8 15. Rh4 Ng8 16. Qh5 Nf6 17. Qxf5 d5 18. Qd3 Ne4 19. Rf4 c6 20. Rxf8+
Qxf8 21. f3 Nd6 22. Bd2 Bf5 23. Qe3 Bg6 24. Re1 Nf5 25. Qf2 Qd6 26. g4 Ne7 27.
Bc3 Rf8 28. Qd4 Rf7 29. Bb4 Qd7 30. Kg2 b6 31. Qe5 Ng8 32. Qb8 Qc7 33. Qxg8+
1-0

[Event "Elit(Kungstornet-Burgsvik)"]
[Site "?"]
[Date "2015.11.06"]
[Round "1"]
[White "von Bahr, Oskar"]
[Black "Andersson, Tommy"]
[Result "0-1"]
[WhiteElo "2384"]
[BlackElo "2374"]
[PlyCount "118"]
[EventDate "2015.??.??"]

1. c4 Nf6 2. g3 e6 3. Bg2 d5 4. Nf3 dxc4 5. Na3 Be7 6. O-O c5 7. Nxc4 Nc6 8. b3
O-O 9. Bb2 Qc7 10. Nfe5 Bd7 11. d3 Rfd8 12. Rc1 Rac8 13. a3 Be8 14. b4 cxb4 15.
axb4 Nxb4 16. Qb3 b5 17. Nd2 Qb6 18. Ndf3 a5 19. Bd4 Qb8 20. Qb2 Nc6 21. Nxc6
Bxc6 22. Rxc6 Rxc6 23. Ne5 Rcc8 24. Nc6 Rxc6 25. Bxc6 b4 26. Ba4 Rc8 27. e3 Qc7
28. h3 h5 29. Ra1 Kh7 30. Bd1 Kg6 31. f4 Bc5 32. Bxf6 Bxe3+ 33. Kh2 gxf6 34.
Qe2 Bb6 35. f5+ exf5 36. Qxh5+ Kg7 37. Qxf5 Qc3 38. Qg4+ Kf8 39. Ra2 Re8 40.
Rc2 Qxd3 41. h4 Qf1 42. Rg2 Qd3 43. Bc2 Qd4 44. Qh5 Re3 45. Qh8+ Ke7 46. Ba4
Qd8 47. Qh6 b3 48. Bxb3 Rxb3 49. Re2+ Re3 50. Rxe3+ Bxe3 51. Qxe3+ Kf8 52. Qe4
Qd2+ 53. Kh3 Qd7+ 54. g4 a4 55. h5 Kg7 56. Qa8 Qd4 57. h6+ Kxh6 58. Qf8+ Kg5
59. Qxf7 Qxg4+ 0-1

[Event "Elit(Kungstornet-Burgsvik)"]
[Site "?"]
[Date "2015.11.06"]
[Round "1"]
[White "Zadruzny, Nicolaj"]
[Black "Andersson, Fredrik"]
[Result "1-0"]
[WhiteElo "2235"]
[BlackElo "2262"]
[PlyCount "57"]
[EventDate "2015.??.??"]

1. e4 c5 2. Nf3 Nc6 3. Bb5 d6 4. O-O Bd7 5. Re1 Nf6 6. h3 a6 7. Bf1 e5 8. c3
Be7 9. d4 b5 10. a4 b4 11. Nbd2 O-O 12. dxc5 dxc5 13. Nc4 Qc7 14. Nfxe5 Nxe5
15. Bf4 Bxa4 16. Bxe5 Qxe5 17. Nxe5 Bxd1 18. Nc6 Bc2 19. Nxe7+ Kh8 20. e5 Ne4
21. cxb4 cxb4 22. Nc6 b3 23. Nd4 Rfc8 24. Bxa6 Rc7 25. Bc4 Rd8 26. Bxb3 Bxb3
27. Nxb3 Rb7 28. Na5 Rd4 29. Nc6 1-0

[Event "Elit(Kungstornet-Burgsvik)"]
[Site "?"]
[Date "2015.11.06"]
[Round "1"]
[White "Henriksson, Johan"]
[Black "Linusson, Pelle"]
[Result "1/2-1/2"]
[WhiteElo "2272"]
[BlackElo "2215"]
[PlyCount "120"]
[EventDate "2015.??.??"]

1. d4 Nf6 2. c4 g6 3. g3 c6 4. Bg2 d5 5. cxd5 cxd5 6. Nc3 Bg7 7. Nf3 Ne4 8.
Nxe4 dxe4 9. Ng5 Qxd4 10. Qb3 O-O 11. O-O Nc6 12. Nxe4 Qb6 13. Be3 Nd4 14. Bxd4
Bxd4 15. Nc3 Bxc3 16. bxc3 Qc7 17. Rad1 Rb8 18. Bd5 Bd7 19. Rd4 e6 20. Bf3 Rfc8
21. Rfd1 Be8 22. c4 Qa5 23. Rc1 b6 24. Rh4 Qe5 25. Qc3 Qxc3 26. Rxc3 Bc6 27.
Rd4 Bxf3 28. Rxf3 Rb7 29. Ra3 Kf8 30. f4 h5 31. Kf2 Ke7 32. e4 Rc5 33. Ke3 e5
34. fxe5 Rxe5 35. Rd5 Re6 36. Kd4 Rc6 37. Rc3 Rbc7 38. a4 Rc5 39. a5 R5c6 40.
axb6 axb6 41. h3 Rf6 42. Rb3 Rf1 43. Rxb6 Rd1+ 44. Ke5 Rc1 45. c5 R1xc5 46.
Rxc5 Rxc5+ 47. Kf4 Ra5 48. h4 Rc5 49. Rb7+ Ke6 50. Rb8 Ke7 51. Rb3 Ke6 52. Ra3
Rb5 53. Ra4 Rc5 54. e5 Rb5 55. Rc4 Ra5 56. Rc6+ Ke7 57. Rc7+ Ke6 58. Rc6+ Ke7
59. Rc7+ Ke6 60. Rc6+ Ke7 1/2-1/2

[Event "Elit(Kungstornet-Burgsvik)"]
[Site "?"]
[Date "2015.11.06"]
[Round "1"]
[White "Larsson, Victor"]
[Black "Larsson, Anders"]
[Result "1-0"]
[WhiteElo "2188"]
[BlackElo "2224"]
[PlyCount "105"]
[EventDate "2015.??.??"]
[SourceDate "2015.11.13"]

1. d4 e6 2. c4 Bb4+ 3. Nd2 d5 4. Ngf3 Nf6 5. a3 Be7 6. g3 O-O 7. Bg2 c5 8. dxc5
Bxc5 9. O-O a5 10. b3 Nc6 11. Bb2 d4 12. b4 axb4 13. Nb3 Be7 14. axb4 Rxa1 15.
Qxa1 Bxb4 16. Nfxd4 Nxd4 17. Bxd4 Be7 18. Na5 Qc7 19. Rb1 Bc5 20. Be5 Qe7 21.
Nxb7 Bxb7 22. Rxb7 Qd8 23. Rb5 Be7 24. c5 Nd7 25. Bxg7 Bxc5 26. Bh6 f6 27. Bxf8
Bxf8 28. Qd1 Qc8 29. Rb7 Ne5 30. Ra7 Qc5 31. Ra8 Kf7 32. e3 Kg6 33. h4 Be7 34.
Ra6 Qc4 35. Bf1 Qe4 36. Bg2 Qc4 37. Ra4 Qc5 38. Qa1 h5 39. Be4+ Kf7 40. Qd1 Ng4
41. Bf3 f5 42. Bxg4 hxg4 43. e4 Bd6 44. exf5 exf5 45. Qb3+ Ke7 46. Rc4 Qe5 47.
Qb7+ Kf6 48. Qb6 Ke7 49. Qa7+ Ke6 50. Qd4 Qb5 51. Rc1 Qe2 52. Qc4+ Qxc4 53.
Rxc4 1-0

[Event "Elit(Kungstornet-Burgsvik)"]
[Site "?"]
[Date "2015.11.06"]
[Round "1"]
[White "Backlund, Anders"]
[Black "Packalen, Marcus"]
[Result "1/2-1/2"]
[WhiteElo "2263"]
[BlackElo "2162"]
[PlyCount "57"]

1. c4 c5 2. Nc3 Nc6 3. g3 g6 4. Bg2 Bg7 5. d3 d6 6. e4 e6 7. Nge2 Nge7 8. O-O
O-O 9. Be3 Nd4 10. Rb1 a6 11. a3 Bd7 12. b4 b5 13. Qd2 Rb8 14. Bf4 e5 15. Bg5
f6 16. Be3 Bg4 17. f3 Be6 18. Nd5 Nec6 19. f4 Qd7 20. Nec3 f5 21. bxc5 dxc5 22.
exf5 Bxf5 23. Ne4 Bxe4 24. Bxe4 bxc4 25. Rxb8 Rxb8 26. dxc4 exf4 27. Nxf4 Rb2
28. Qd1 Be5 29. Bd5+ 1/2-1/2

[Event "Elit(Farsta-Team Viking)"]
[Site "?"]
[Date "2015.11.07"]
[Round "2"]
[White "Meier, Georg"]
[Black "Sammalvuo, Tapani"]
[Result "1-0"]
[WhiteElo "2656"]
[BlackElo "2428"]
[PlyCount "83"]

1. Nf3 Nf6 2. c4 e6 3. g3 d5 4. Bg2 Be7 5. O-O O-O 6. d4 dxc4 7. Qc2 a6 8. a4
Bd7 9. Qxc4 Bc6 10. Bf4 a5 11. Nc3 Na6 12. Rac1 Nb4 13. Ne5 Bxg2 14. Kxg2 Nfd5
15. Nxd5 Nxd5 16. Bd2 c6 17. Rfd1 Nb4 18. e4 Bd6 19. h4 Qc7 20. Nf3 Qd7 21. b3
Rac8 22. Ne5 Qc7 23. Nf3 Qd7 24. Qe2 b5 25. h5 Qb7 26. h6 g6 27. Bg5 Rfe8 28.
Bf6 Bf8 29. Qe3 Be7 30. Qg5 bxa4 31. bxa4 Qc7 32. Ne5 Qd8 33. Ng4 Rb8 34. Rc5
Ra8 35. Bxe7 Rxe7 36. Qf6 Qf8 37. Qe5 f5 38. Nf6+ Kf7 39. Nxh7 Qxh6 40. Qf6+
Ke8 41. Qh8+ Kd7 42. Nf6+ 1-0

[Event "Elit(Farsta-Team Viking)"]
[Site "?"]
[Date "2015.11.07"]
[Round "2"]
[White "Livner, Anders"]
[Black "Berg, Emanuel"]
[Result "0-1"]
[WhiteElo "2336"]
[BlackElo "2567"]
[PlyCount "112"]

1. d4 Nf6 2. c4 g6 3. g3 Bg7 4. Bg2 O-O 5. Nc3 d6 6. Nf3 Nc6 7. O-O Rb8 8. b3
a6 9. Nd5 e6 10. Nxf6+ Qxf6 11. Bb2 e5 12. d5 Nd8 13. c5 Qe7 14. cxd6 cxd6 15.
Rc1 f5 16. Qc2 Nf7 17. Nd2 Bd7 18. Qc7 Rfc8 19. Qb6 Bb5 20. Rfe1 Rxc1 21. Bxc1
Rc8 22. Bf1 e4 23. a4 Be8 24. Nc4 Bc3 25. Rd1 Bxa4 26. Nxd6 Qxd6 27. Qxd6 Nxd6
28. bxa4 Be5 29. Ba3 Nc4 30. Rc1 Bd6 31. e3 Bxa3 32. Rxc4 Rxc4 33. Bxc4 Bd6 34.
g4 fxg4 35. Be2 h5 36. Bd1 Kf7 37. Bc2 b5 38. axb5 a5 39. Kg2 Kf6 40. Bxe4 a4
41. Bc2 a3 42. Bb3 h4 43. h3 g3 44. Bc4 g5 45. b6 Ke7 46. Kf3 Kd8 47. fxg3 hxg3
48. e4 Kc8 49. e5 Bxe5 50. d6 Kd7 51. b7 Bxd6 52. Bd5 Kc7 53. Ke3 Kb6 54. Bb3
Kc5 55. Be6 Kb4 56. Bd5 Kc3 0-1

[Event "Elit(Farsta-Team Viking)"]
[Site "?"]
[Date "2015.11.07"]
[Round "2"]
[White "Cramling, Pia"]
[Black "Nikcevic, Nebojsa"]
[Result "1-0"]
[WhiteElo "2513"]
[BlackElo "2413"]
[PlyCount "63"]

1. Nf3 d5 2. d4 e6 3. Bf4 Bd6 4. Bg3 Nf6 5. e3 c5 6. c3 Nc6 7. Nbd2 O-O 8. Bd3
Qe7 9. Qc2 e5 10. dxe5 Nxe5 11. Nxe5 Bxe5 12. Nf3 Bb8 13. O-O-O Rd8 14. c4 h6
15. Bh4 Be6 16. cxd5 Bxd5 17. Bc4 g5 18. Bxd5 Nxd5 19. Qf5 Qe6 20. Qxe6 fxe6
21. Bg3 Bxg3 22. hxg3 Kg7 23. Ne5 Nf6 24. Rxd8 Rxd8 25. Rxh6 Ne4 26. Rg6+ Kh7
27. f3 Nxg3 28. Rxe6 Nf5 29. Nf7 Rg8 30. Re5 Nh4 31. Nxg5+ Kg6 32. g4 1-0

[Event "Elit(Farsta-Team Viking)"]
[Site "?"]
[Date "2015.11.07"]
[Round "2"]
[White "Hjelm, Niclas"]
[Black "Agrest, Evgenij"]
[Result "1/2-1/2"]
[WhiteElo "2311"]
[BlackElo "2596"]
[PlyCount "144"]

1. d4 d5 2. Nf3 Nf6 3. c4 c6 4. e3 a6 5. Nc3 e6 6. b3 Bb4 7. Bd2 Bd6 8. Bd3 c5
9. cxd5 exd5 10. O-O O-O 11. e4 cxd4 12. Nxd5 Nxd5 13. exd5 Bg4 14. h3 Bh5 15.
g4 Bg6 16. Bxg6 hxg6 17. Rc1 Ba3 18. Rc4 Qxd5 19. Rxd4 Qb5 20. Be3 a5 21. Rd5
Qa6 22. Ne5 Be7 23. Qd3 Qe6 24. Rd1 Na6 25. Rxa5 Rfd8 26. Qf1 Rxd1 27. Qxd1 Rd8
28. Qf3 Nb4 29. Rb5 Nxa2 30. Nc4 Qc6 31. Qxc6 bxc6 32. Rb7 Bf6 33. g5 Bc3 34.
Bc5 Rd5 35. Be7 Rb5 36. Ra7 Bb4 37. Ra8+ Kh7 38. Rxa2 Bxe7 39. Ra7 Bxg5 40.
Rxf7 Rxb3 41. Rc7 Rxh3 42. Rxc6 Rb3 43. Nd6 Bf4 44. Kg2 Rb4 45. Kf3 g5 46. Ne4
Ra4 47. Rb6 Rc4 48. Ra6 Bc1 49. Re6 Rc8 50. Kg4 Rf8 51. Nxg5+ Bxg5 52. Kxg5
Rxf2 53. Ra6 Rb2 54. Rc6 Rb5+ 55. Kg4 g6 56. Rc8 Kg7 57. Rc7+ Kh6 58. Rc4 Rb1
59. Rc5 Rb4+ 60. Kg3 Ra4 61. Rb5 Ra1 62. Rc5 Rg1+ 63. Kh2 Re1 64. Ra5 Re3 65.
Rb5 g5 66. Rb4 Kg6 67. Rb5 Kh5 68. Rb4 Ra3 69. Kg2 Rc3 70. Ra4 Rb3 71. Rc4 g4
72. Rc8 Kh4 1/2-1/2

[Event "Elit(Farsta-Team Viking)"]
[Site "?"]
[Date "2015.11.07"]
[Round "2"]
[White "Westerberg, Jonathan"]
[Black "Jaderberg, Bjorn"]
[Result "1/2-1/2"]
[WhiteElo "2478"]
[BlackElo "2130"]
[PlyCount "116"]

1. e4 e6 2. d4 d5 3. Nc3 dxe4 4. Nxe4 Bd7 5. Nf3 Bc6 6. Bd3 Nd7 7. O-O Ngf6 8.
Ng3 Be7 9. c4 Bxf3 10. Qxf3 c6 11. b3 O-O 12. Bb2 Re8 13. Rad1 Qb6 14. Bb1 Rad8
15. d5 cxd5 16. cxd5 exd5 17. Nf5 Bf8 18. Qg3 g6 19. Qg5 Re2 20. Bd4 Bc5 21.
Ng3 Ree8 22. Qh4 Bxd4 23. Rxd4 Re6 24. Rdd1 Nc5 25. Qg5 Rde8 26. Qf4 Nce4 27.
Bxe4 dxe4 28. Kh1 Kg7 29. Rfe1 Re5 30. Re2 Nd5 31. Qc1 Qf6 32. Red2 Nf4 33. Rd6
R8e6 34. Rxe6 Rxe6 35. Qe3 Nd3 36. Kg1 Qe5 37. h4 b6 38. h5 f5 39. Qg5 Qc5 40.
hxg6 hxg6 41. Qd2 Re8 42. Rf1 Rh8 43. Qg5 Qe5 44. Rd1 Qc5 45. Qd2 Kf7 46. a3
Rh4 47. b4 Qe5 48. Qc2 Kg7 49. Qc8 Rf4 50. Qd7+ Kh6 51. Qd8 Nxf2 52. Rd6 Nd3
53. Qf8+ Kg5 54. Qd8+ Kh6 55. Qf8+ Kg5 56. Qd8+ Kh6 57. Qf8+ Kg5 58. Qd8+ Kh6
1/2-1/2

[Event "Elit(Farsta-Team Viking)"]
[Site "?"]
[Date "2015.11.07"]
[Round "2"]
[White "Ernst, Thomas"]
[Black "Lindberg, Bo"]
[Result "1-0"]
[WhiteElo "2336"]
[BlackElo "2422"]
[PlyCount "111"]

1. e4 e5 2. Nf3 Nc6 3. Bb5 a6 4. Ba4 Nf6 5. O-O Be7 6. Re1 b5 7. Bb3 d6 8. c3
O-O 9. h3 Nb8 10. d4 Nbd7 11. Nbd2 Bb7 12. Bc2 Re8 13. Nf1 Bf8 14. Ng3 g6 15.
a4 c5 16. d5 c4 17. Bg5 Be7 18. Qd2 Qc7 19. Rf1 Nc5 20. Qe3 Rab8 21. Nd2 Nfd7
22. Bxe7 Rxe7 23. f4 exf4 24. Qxf4 Ne5 25. Qg5 Ree8 26. Nf5 Qd8 27. Qg3 Bc8 28.
Nf3 Bxf5 29. exf5 Nxf3+ 30. Rxf3 Rb7 31. axb5 axb5 32. Raf1 Rbe7 33. fxg6 fxg6
34. Rf6 Nb7 35. Bxg6 Rg7 36. Bf7+ Kh8 37. Qf2 Rf8 38. Be6 Rxf6 39. Qxf6 Qxf6
40. Rxf6 Re7 41. Rf8+ Kg7 42. Rb8 Kf6 43. Kf2 Ke5 44. Ke3 Nc5 45. Rxb5 Nxe6 46.
dxe6+ d5 47. Rb6 Rg7 48. g4 h5 49. gxh5 Rh7 50. Kf3 Rxh5 51. Kg4 Rh8 52. e7 Re8
53. Rb7 Rg8+ 54. Kf3 Rh8 55. h4 Kf5 56. Rd7 1-0

[Event "Elit(Farsta-Team Viking)"]
[Site "?"]
[Date "2015.11.07"]
[Round "2"]
[White "Sagit, Rauan"]
[Black "Lagerborg, Krister"]
[Result "1-0"]
[WhiteElo "2368"]
[BlackElo "2029"]
[PlyCount "85"]

1. Nf3 d6 2. d4 Nf6 3. g3 g6 4. Bg2 Bg7 5. O-O O-O 6. c4 Nbd7 7. Nc3 c6 8. b3
Re8 9. Qc2 Qc7 10. a4 e5 11. dxe5 dxe5 12. Rd1 Nc5 13. Be3 Bf5 14. Qb2 Nce4 15.
Nxe4 Bxe4 16. h3 Rad8 17. Rac1 b6 18. b4 h6 19. Qb3 Nd7 20. c5 bxc5 21. bxc5
Nf6 22. Nd2 Rb8 23. Qa3 Bxg2 24. Kxg2 Nd5 25. Nc4 f5 26. Bd2 e4 27. Rb1 Rxb1
28. Rxb1 Rf8 29. Ne3 g5 30. Qa2 Qf7 31. Nxd5 Qxd5 32. Qxd5+ cxd5 33. Rb7 Rc8
34. Rxa7 Rxc5 35. Rd7 d4 36. a5 Rc2 37. a6 Ra2 38. a7 Kh7 39. Bb4 Kg6 40. Bc5
Bf6 41. Bb6 h5 42. Rd5 d3 43. exd3 1-0

[Event "Elit(Farsta-Team Viking)"]
[Site "?"]
[Date "2015.11.07"]
[Round "2"]
[White "Lundin, Jan"]
[Black "Nithander, Victor"]
[Result "0-1"]
[WhiteElo "2245"]
[BlackElo "2426"]
[PlyCount "104"]

1. e4 g6 2. d4 Bg7 3. Nf3 d6 4. Nbd2 Nf6 5. Be2 O-O 6. O-O e6 7. c3 b6 8. Re1
Bb7 9. Bf1 Nbd7 10. b3 c5 11. Bb2 Rc8 12. c4 cxd4 13. Nxd4 a6 14. Rb1 Qc7 15.
Qf3 Ne5 16. Qh3 h5 17. Qh4 Qc5 18. h3 Nfd7 19. Qg3 Rfe8 20. N4f3 b5 21. Qf4
bxc4 22. Nxc4 Nxf3+ 23. Qxf3 Bxb2 24. Nxb2 Ne5 25. Qe3 Qxe3 26. Rxe3 Rc2 27. f4
Nc6 28. Bd3 Rd2 29. Nc4 Rxa2 30. Nxd6 Rb8 31. Nxb7 Rxb7 32. e5 Rb4 33. Re4 Nd4
34. Bc4 Nf5 35. Re2 Rxe2 36. Bxe2 a5 37. Ra1 Rxb3 38. Rxa5 Rb4 39. Ra8+ Kg7 40.
Bf3 Rxf4 41. Ra5 Nd4 42. Kf2 g5 43. Kg3 Nf5+ 44. Kh2 g4 45. hxg4 hxg4 46. Ba8
g3+ 47. Kg1 Nd4 48. Ra2 Rf5 49. Rd2 Rxe5 50. Kf1 Nf5 51. Bf3 Ne3+ 52. Kg1 Rc5
0-1

[Event "Elit(Rockaden,Sthlm-Limhamn)"]
[Site "?"]
[Date "2015.11.07"]
[Round "2"]
[White "Jepson, Christian"]
[Black "Nielsen, Peter Heine"]
[Result "1/2-1/2"]
[WhiteElo "2425"]
[BlackElo "2655"]
[PlyCount "38"]
[SourceDate "2015.11.13"]

1. Nf3 c5 2. c4 Nc6 3. Nc3 e5 4. g3 g6 5. Bg2 Bg7 6. O-O Nge7 7. a3 O-O 8. b4
d5 9. cxd5 Nxd5 10. e4 Nxc3 11. dxc3 cxb4 12. axb4 Be6 13. Be3 Qc7 14. Qa4 a6
15. b5 Ne7 16. Rfc1 Rfc8 17. Bf1 h6 18. bxa6 bxa6 19. Qa5 Qc6 1/2-1/2

[Event "Elit(Rockaden,Sthlm-Limhamn)"]
[Site "?"]
[Date "2015.11.07"]
[Round "2"]
[White "Blomqvist, Erik"]
[Black "Brynell, Stellan"]
[Result "1/2-1/2"]
[WhiteElo "2514"]
[BlackElo "2423"]
[PlyCount "139"]

1. Nf3 d5 2. g3 g6 3. Bg2 Bg7 4. d4 Nf6 5. O-O O-O 6. Nbd2 c6 7. c4 Bf5 8. b3
Ne4 9. Bb2 Nd7 10. Nh4 Nxd2 11. Qxd2 Be6 12. e4 dxe4 13. Bxe4 Bh3 14. Rfe1 Nf6
15. Bh1 Qc7 16. Qg5 Rfe8 17. Re2 h6 18. Qc5 Qd6 19. Qa5 Qd8 20. Qc3 Qc7 21.
Rae1 Rad8 22. Nf3 Bg4 23. Re3 Bxf3 24. Bxf3 e6 25. b4 Re7 26. Qb3 Red7 27. Rc1
Qb6 28. Rd1 a5 29. a3 axb4 30. axb4 Qc7 31. Rc1 Qb6 32. Rd1 Qc7 33. Rc1 Qb6 34.
Rd1 h5 35. Red3 Qc7 36. Rc1 Qb6 37. Rcd1 Qc7 38. b5 cxb5 39. Qxb5 Rc8 40. d5
exd5 41. cxd5 Ne8 42. Bxg7 Nxg7 43. d6 Qd8 44. Bg2 Kh7 45. Bh3 f5 46. Bg2 Ra8
47. Qe5 Ra6 48. Bd5 Ne8 49. Qe6 Ng7 50. Qe5 Ne8 51. Bc4 Raxd6 52. Qe6 Rxd3 53.
Qg8+ Kh6 54. Rxd3 Rxd3 55. Qh8+ Kg5 56. Kg2 Rd4 57. h4+ Rxh4 58. gxh4+ Kxh4 59.
Qe5 Qd6 60. Qxe8 Qc6+ 61. Qxc6 bxc6 62. Bf7 Kg5 63. Kg3 h4+ 64. Kh3 c5 65. Bd5
Kh5 66. Bf3+ Kg5 67. Bd5 Kh5 68. Bf3+ Kg5 69. Bd5 Kh5 70. Bf3+ 1/2-1/2

[Event "Elit(Rockaden,Sthlm-Limhamn)"]
[Site "?"]
[Date "2015.11.07"]
[Round "2"]
[White "Hector, Jonny"]
[Black "Bator, Robert"]
[Result "1-0"]
[WhiteElo "2493"]
[BlackElo "2430"]
[PlyCount "197"]

1. d4 d5 2. Nc3 Bf5 3. f3 e6 4. e4 Bg6 5. a3 Nf6 6. Bg5 Be7 7. e5 Nfd7 8. Bxe7
Qxe7 9. h4 f6 10. h5 Bf7 11. f4 fxe5 12. dxe5 g5 13. hxg6 Bxg6 14. Bd3 Bxd3 15.
Qxd3 Nc6 16. Rh6 O-O-O 17. Qh3 Nf8 18. O-O-O Qc5 19. Nge2 Rg8 20. Rf6 d4 21.
Ne4 Qc4 22. Rd3 Kb8 23. Rf7 Nd7 24. Rxd7 Rxd7 25. Nf6 Rgd8 26. b3 Qc5 27. Nxd7+
Rxd7 28. Kb2 Re7 29. Qh6 a5 30. Qh5 b5 31. Qf3 a4 32. b4 Qc4 33. Qe4 Rd7 34. g4
Rd5 35. Kc1 h6 36. Kd1 Nxb4 37. axb4 Qxb4 38. Nxd4 Kc8 39. Qe3 a3 40. Nb3 Rxd3+
41. Qxd3 a2 42. Qg3 Qd4+ 43. Ke2 Qc4+ 44. Qd3 Qxf4 45. Qxb5 Qxg4+ 46. Kd2 Qg2+
47. Kc3 Qd5 48. Qe8+ Kb7 49. Kb2 Qxe5+ 50. Kxa2 h5 51. Qe7 Kc6 52. Qb4 Kd7 53.
Nc5+ Kc6 54. Nd3 Qd5+ 55. c4 Qf5 56. Kb2 h4 57. Qa4+ Kd6 58. c5+ Kd5 59. Qd7+
Kc4 60. Kc2 Qe4 61. Qa4+ Kd5 62. Qa8+ Kd4 63. Qa1+ Kc4 64. Qc3+ Kd5 65. Kb3 e5
66. Nb4+ Ke6 67. Qh3+ Kf6 68. Ka4 Qc4 69. c6 Qd4 70. Kb5 Qd6 71. Kc4 Qd4+ 72.
Kb5 Qb6+ 73. Ka4 Qd4 74. Qf1+ Ke7 75. Qg2 Qa7+ 76. Kb3 Qe3+ 77. Kc2 Qc5+ 78.
Kb3 Qe3+ 79. Ka2 Qa7+ 80. Kb1 Qb6 81. Qg7+ Kd6 82. Qf8+ Ke6 83. Qh6+ Kf5 84.
Qxh4 e4 85. Qe7 Kf4 86. Kc2 Kf3 87. Qf7+ Ke2 88. Qh5+ Kf2 89. Qf5+ Kg3 90. Qxe4
Kf2 91. Kc3 Qa5 92. Kc4 Kg3 93. Qd5 Qa7 94. Qd3+ Kg2 95. Qg6+ Kf3 96. Qf5+ Kg2
97. Qc5 Qb8 98. Qg5+ Kf3 99. Nd5 1-0

[Event "Elit(Rockaden,Sthlm-Limhamn)"]
[Site "?"]
[Date "2015.11.07"]
[Round "2"]
[White "Barkhagen, Jonas"]
[Black "Johansson, Linus"]
[Result "1-0"]
[WhiteElo "2434"]
[BlackElo "2400"]
[PlyCount "69"]

1. d4 Nf6 2. c4 e6 3. Nf3 b6 4. e3 d5 5. Nc3 Bd6 6. Bd3 Bb7 7. cxd5 exd5 8. O-O
a6 9. Qc2 O-O 10. e4 dxe4 11. Nxe4 Nxe4 12. Bxe4 Bxe4 13. Qxe4 Nd7 14. Bg5 Nf6
15. Qh4 Be7 16. Rae1 h6 17. Bxh6 gxh6 18. Qxh6 Nh7 19. Re5 Qd6 20. Qh3 Qf6 21.
Rfe1 Bd6 22. Rf5 Qg6 23. Re4 Kh8 24. Rh4 f6 25. Rh6 Qg7 26. Rfh5 Rf7 27. Rxh7+
Qxh7 28. g3 Re8 29. Qf5 Qxh5 30. Qxh5+ Kg8 31. Qg6+ Kf8 32. Nh4 Re2 33. Nf5 Be7
34. Qh5 Re1+ 35. Kg2 1-0

[Event "Elit(Rockaden,Sthlm-Limhamn)"]
[Site "?"]
[Date "2015.11.07"]
[Round "2"]
[White "Schneider, Stefan"]
[Black "Karlsson, Lars"]
[Result "1/2-1/2"]
[WhiteElo "2368"]
[BlackElo "2443"]
[PlyCount "42"]

1. d4 e6 2. c4 f5 3. Nf3 Nf6 4. g3 d5 5. Bg2 Bd6 6. O-O O-O 7. b3 b6 8. Ba3 Qe7
9. Bxd6 cxd6 10. Nc3 Bb7 11. cxd5 Nxd5 12. Rc1 Na6 13. Nxd5 Bxd5 14. Qd2 Rac8
15. Nh4 Nc7 16. Rc3 Bxg2 17. Nxg2 Nd5 18. Rc2 Rxc2 19. Qxc2 f4 20. e4 fxe3 21.
Nxe3 Nxe3 1/2-1/2